01133nam a2200193Ia 4500001001100000003001000011008004100021040002500062041001300087100001900100245006600119250001100185260009200196300001200288500024000300501011400540520024000654650004500894L808-32376IT-CnALBA170116s9999||||xx |||||||||||||| ||und|| aIT-CnALBAcIT-CnALBA aITALIANO aSPOTTI GIORGIO 0aALL'OMBRA DEL CARROCCIO. ROMANZO DELLA BATTAGLIA DI LEGNANO.  a1a ed. a CASA EDITRICE. MILANObRAVAGNATI E. L. c1933 [1° Ed.:1933 - Ed.Ling.Originale: 1933] a294 p.  aILLUSTRAZIONI DI LEONARDO BORGES. UN EROE SENZA NOME. UNA CITTÀ AFFRANTA. L'AGGUATO. AQUILE E SCIACALLI. LA TANA DEL LUPO. IL MASNADIERO. LANCIA E SPADA. IL CALVARIO. LAME NELLA NOTTE. PRIGIONIERA. CHIOME INSANGUINATE. RISURREZIONE.  aSocietà San Paolo EM - Piazza San Paolo, 14 - 12051 ALBA (CN) (non commercial uses only) ® Copyright 2017 aILLUSTRAZIONI DI LEONARDO BORGES. UN EROE SENZA NOME. UNA CITTÀ AFFRANTA. L'AGGUATO. AQUILE E SCIACALLI. LA TANA DEL LUPO. IL MASNADIERO. LANCIA E SPADA. IL CALVARIO. LAME NELLA NOTTE. PRIGIONIERA. CHIOME INSANGUINATE. RISURREZIONE.  aNARRATIVA DI VARIE LETTERATURE - ROMANZI